5HLuxD.jpg

KING HENRY VIII SENIOR AND PRIMARY SCHOOL LIBRARY OPAC

Fara Williams / (Record no. 459)

000 -LEADER
fixed length control field 00861nam a22002537a 4500
005 - DATE AND TIME OF LATEST TRANSACTION
control field 20190815103208.0
008 - FIXED-LENGTH DATA ELEMENTS--GENERAL INFORMATION
fixed length control field 190815b ||||| |||| 00| 0 eng d
020 ## - INTERNATIONAL STANDARD BOOK NUMBER
International Standard Book Number 9781445153292
040 ## - CATALOGING SOURCE
Transcribing agency KH8
082 ## - DEWEY DECIMAL CLASSIFICATION NUMBER
Classification number 796.334 APP
100 ## - MAIN ENTRY--PERSONAL NAME
Personal name Apps, Roy
245 ## - TITLE STATEMENT
Title Fara Williams /
Statement of responsibility, etc. Roy Apps ; Illustrated by Alessandro Valdrighi
260 ## - PUBLICATION, DISTRIBUTION, ETC.
Place of publication, distribution, etc. London :
Name of publisher, distributor, etc. Hachette Children's,
Date of publication, distribution, etc. 2017.
300 ## - PHYSICAL DESCRIPTION
Extent 48 p. ;
Other physical details ill. :
Dimensions 20 cm.
440 ## - SERIES STATEMENT/ADDED ENTRY--TITLE
Title Sporting heroes
440 ## - SERIES STATEMENT/ADDED ENTRY--TITLE
Title Edge
650 ## - SUBJECT ADDED ENTRY--TOPICAL TERM
Source of heading or term Juvenile Nonfiction
Topical term or geographic name entry element Biography & Autobiography
Form subdivision Sports & Recreation
650 ## - SUBJECT ADDED ENTRY--TOPICAL TERM
Source of heading or term Football Juvenile Nonfiction
Topical term or geographic name entry element Sports & Recreation
Form subdivision Soccer
650 ## - SUBJECT ADDED ENTRY--TOPICAL TERM
Source of heading or term Sports & Recreation
650 ## - SUBJECT ADDED ENTRY--TOPICAL TERM
Source of heading or term Juvenile Nonfiction
Topical term or geographic name entry element Sports & Recreation
650 ## - SUBJECT ADDED ENTRY--TOPICAL TERM
Source of heading or term Juvenile Nonfiction
Topical term or geographic name entry element Biography & Autobiography
700 ## - ADDED ENTRY--PERSONAL NAME
Personal name Valdrighi, Alessandro
Relator term Illustrator
942 ## - ADDED ENTRY ELEMENTS (KOHA)
Source of classification or shelving scheme
Koha item type Books - Non Ficton
Holdings
Withdrawn status Lost status Source of classification or shelving scheme Damaged status Not for loan Collection code Permanent Location Current Location Shelving location Date acquired Full call number Barcode Date last seen Price effective from Koha item type
          Non-Fiction KH8 Senior School Library KH8 Senior School Library Non Fiction 2019-08-15 796.334 APP 3KHSL000100112 2019-08-15 2019-08-15 Books - Non Ficton

Powered By KH8 IT Dept